Four Letter Geography - G - Statistics

General Stats
  • This quiz has been taken 71 times
  • The average score is 5 of 10
Answer Stats
Hint Answer % Correct
City famous for pyramids Giza
95%
Desert of Mongolia Gobi
95%
Part of Palestine bordering Egypt Gaza
91%
U.S. Ocean Territory Guam
83%
Water mostly surrounded by land Gulf
62%
Old currency across the world Gold
37%
Ancient people from Germany Goth
26%
What Hindus call their statues Gods
20%
Mountain range in India Ghat
14%
Indigenous people from India Gond
3%
No matching quizzes found
Score Distribution
Percent of People with Each Score
Percentile by Number Answered
Your Score History
You have not taken this quiz